[Event "Montreal Mercredi 08"]
[Site "Montreal"]
[Date "2012.09.12"]
[Round "3"]
[White "Boyer, Eric"]
[Black "Cote, Philippe"]
[Result "0-1"]
[WhiteElo "1637"]
[BlackElo "1655"]
[PlyCount "61"]
[EventDate "2012.08.29"]
[EventType "swiss"]
[EventRounds "5"]
[EventCountry "CAN"]
[SourceTitle "EXT 2022"]
[Source "ChessBase"]
[SourceDate "2021.10.06"]
[SourceVersion "1"]
[SourceVersionDate "2021.10.06"]
[SourceQuality "1"]

1. d4 d6 2. Nf3 Nf6 3. c4 g6 4. Nc3 Bg7 5. e4 0-0 6. Be2 e5 7. Bg5 Nc6 8. d5 Ne7 9. 0-0 h6 10. Be3 Nd7 11. Qd2 Kh7 12. Ne1 f5 13. f4 Nf6 14. exf5 gxf5 15. Nf3 Ng4 16. fxe5 dxe5 17. Bc5 Ng6 18. h3 Re8 19. hxg4 fxg4 20. Nh2 g3 21. Bf2 gxf2+ 22. Rxf2 e4 23. Qe3 Qh4 24. g4 Be5 25. Rg2 Nf4 26. Qxe4+ Kh8 27. Nf3 Nh3+ 28. Kf1 Qf6 29. Qd3 Nf4 30. g5 Qg6 31. Qc2 0-1

[Event "Montreal Mercredi 09"]
[Site "Montreal"]
[Date "2008.10.01"]
[Round "5"]
[White "Boyer, Eric"]
[Black "Gauthier, Luc"]
[Result "1-0"]
[WhiteElo "1585"]
[BlackElo "1684"]
[PlyCount "65"]
[EventDate "2008.09.03"]
[EventType "tourn"]
[EventRounds "5"]
[EventCountry "CAN"]
[SourceTitle "EXT 2011"]
[Source "ChessBase"]
[SourceDate "2010.11.26"]
[SourceVersion "1"]
[SourceVersionDate "2010.11.26"]
[SourceQuality "1"]

1. Nf3 f5 2. d4 Nf6 3. c4 e6 4. g3 Be7 5. Bg2 0-0 6. 0-0 d6 7. b3 Ne4 8. Bb2 Qe8 9. Nfd2 d5 10. f3 Nxd2 11. Nxd2 c6 12. e4 fxe4 13. fxe4 Nd7 14. exd5 cxd5 15. cxd5 exd5 16. Bxd5+ Kh8 17. Qc2 Nf6 18. Bg2 Bd6 19. Ne4 Ng4 20. Qd2 Qg6 21. Nxd6 Qxd6 22. Rxf8+ Qxf8 23. Rf1 Qe7 24. Re1 Qf8 25. Ba3 Qd8 26. Rf1 Nf6 27. Re1 Qb6 28. Bc5 Qb5 29. Qe2 Qxe2 30. Rxe2 Bg4 31. Re7 Nd7 32. Bxb7 Rf8 33. Rxd7 1-0